000 00311 a2200121 4500
999 _c325812
_d325812
001 90739
003 NUST
082 _a923.16 DIN
100 _aBeha Ed-Din
_99893
245 _aThe Life of Saladin
_cBeha Ed-Din
_hEnglish
260 _aLahore, Pakistan
_bIslamic Book Services
_c1976
300 _a420
942 _aCAE NUST
_cBK
_k923.16 DIN
_2ddc